Segmental acquisition in adult ESL learners : a longitudinal study of vowel production (Registro nro. 479260)

Detalles MARC
001 - NÚMERO DE CONTROL
campo de control 1103620
005 - FECHA Y HORA DE LA ÚLTIMA TRANSACCIÓN
campo de control 20241213091046.0
008 - DATOS DE LONGITUD FIJA--INFORMACIÓN GENERAL
campo de control de longitud fija 080917s2008 eng
035 ## - NÚMERO DE CONTROL DEL SISTEMA
Número de control de sistema 1103620
035 ## - NÚMERO DE CONTROL DEL SISTEMA
Número de control de sistema (OCoLC)820440733
040 ## - FUENTE DE LA CATALOGACIÓN
Centro/agencia transcriptor comduadb
041 ## - CÓDIGO DE LENGUA
Código de lengua del texto/banda sonora o título independiente eng
100 10 - ENTRADA PRINCIPAL--NOMBRE DE PERSONA
Nombre de persona Munro, Murray J.
Código de función aut
Término indicativo de función/relación Autor/a
9 (RLIN) 346262
245 10 - MENCIÓN DE TÍTULO
Título Segmental acquisition in adult ESL learners : a longitudinal study of vowel production
260 ## - PUBLICACIÓN, DISTRIBUCIÓN, ETC.
Fecha de publicación, distribución, etc. 2008.
650 ## - PUNTO DE ACCESO ADICIONAL DE MATERIA--TÉRMINO DE MATERIA
Término de materia o nombre geográfico como elemento de entrada Phonetics
9 (RLIN) 110590
650 #7 - PUNTO DE ACCESO ADICIONAL DE MATERIA--TÉRMINO DE MATERIA
Término de materia o nombre geográfico como elemento de entrada Fonética
Fuente del encabezamiento o término embne
9 (RLIN) 33426
650 ## - PUNTO DE ACCESO ADICIONAL DE MATERIA--TÉRMINO DE MATERIA
Término de materia o nombre geográfico como elemento de entrada Vowels
9 (RLIN) 90123
650 ## - PUNTO DE ACCESO ADICIONAL DE MATERIA--TÉRMINO DE MATERIA
Término de materia o nombre geográfico como elemento de entrada Vocales
9 (RLIN) 29551
650 ## - PUNTO DE ACCESO ADICIONAL DE MATERIA--TÉRMINO DE MATERIA
Término de materia o nombre geográfico como elemento de entrada English as a second language
9 (RLIN) 75925
650 ## - PUNTO DE ACCESO ADICIONAL DE MATERIA--TÉRMINO DE MATERIA
Término de materia o nombre geográfico como elemento de entrada Inglés como segunda lengua
9 (RLIN) 7375
650 ## - PUNTO DE ACCESO ADICIONAL DE MATERIA--TÉRMINO DE MATERIA
Término de materia o nombre geográfico como elemento de entrada Research in education
9 (RLIN) 80300
650 ## - PUNTO DE ACCESO ADICIONAL DE MATERIA--TÉRMINO DE MATERIA
Término de materia o nombre geográfico como elemento de entrada Investigación educativa
9 (RLIN) 4655
700 10 - ENTRADA AGREGADA--NOMBRE PERSONAL
Nombre de persona Derwing, Tracey M.
Código de función aut
Término indicativo de función/relación Autor/a
9 (RLIN) 346263
773 0# - ENLACE AL DOCUMENTO FUENTE/ENTRADA DE REGISTRO ANFITRIÓN
Título Language Learning : a Journal of Research in Language Studies ( Estados Unidos)
Parte(s) relacionada(s) Vol. 58, No. 03, Sep. 2008, p. 479-502
Número de control del registro 686241
Número Internacional Normalizado para Publicaciones Seriadas 0023-8333
Número bibliográfico anfitrión 209019
942 ## - ELEMENTOS DE ENTRADA AGREGADA (KOHA)
Tipo de ítem Koha Artículo de Revista

No hay ítems disponibles.